MARC

LEADER 00000nam0a2200000 4500
001 344210
005 20231102005636.0
035 |a (RuTPU)RU\TPU\book\375482 
090 |a 344210 
100 |a 20200114d2015 m y0rusy50 ca 
101 0 |a rus 
102 |a RU 
105 |a y z 000gy 
200 1 |a На острие свечи. 111 стихотворений  |f С. К. Яковлев 
210 |a Томск  |c Издание Томской писательской организации  |d 2015 
215 |a 124 с. 
225 1 |a Современная сибирская поэзия 
606 1 |a Русская литература современная  |2 stltpush  |3 (RuTPU)RU\TPU\subj\26373  |9 50316 
610 1 |a поэзия 
610 1 |a стихи 
610 1 |a стихотворения 
675 |a Р2  |v 4 
700 1 |a Яковлев  |b С. К.  |c русский писатель  |f 1950-  |g Сергей Константинович  |2 stltpush  |3 (RuTPU)RU\TPU\pers\13171 
801 1 |a RU  |b 63413507  |c 20200114 
801 2 |a RU  |b 63413507  |c 20200204  |g RCR 
942 |c BK